Environmental engineering / (Record no. 18703)

000 -LEADER
fixed length control field 00405pam a2200145 a 4500
020 ## - INTERNATIONAL STANDARD BOOK NUMBER
ISBN 0077091272 (pbk. : alk. paper)
040 ## - CATALOGING SOURCE
Transcribing agency DLC
082 00 - DEWEY DECIMAL CLASSIFICATION NUMBER
Classification number 628 MCG 1997 C151 Or.
100 1# - MAIN ENTRY--AUTHOR NAME
Personal name Kiely, Gerard
245 10 - TITLE STATEMENT
Title Environmental engineering /
260 ## - PUBLICATION, DISTRIBUTION, ETC. (IMPRINT)
Place of publication London ;
-- New York :
Name of publisher McGraw-Hill,
Year of publication c1997
300 ## - PHYSICAL DESCRIPTION
Number of Pages xx, 979 p. :
Other physical details ill., map ;
Dimensions 24 cm
650 #0 - SUBJECT ADDED ENTRY--TOPICAL TERM
Topical Term Environmental engineering
942 ## - ADDED ENTRY ELEMENTS (KOHA)
Koha item type ADB
952 ## - LOCATION AND ITEM INFORMATION (KOHA)
Withdrawn status [LOCAL, KOHA] 0
Holdings
Source of acquisition Permanent Location Date acquired Koha item type Lost status Shelving location Current Location Full call number
A39127Library Block C2020-01-13សៀវភៅភាសាអង់គ្លេស C151Library Block C628 MCG 1997 C151 Or.
មជ្ឈមណ្ឌលឯការនៃសាកលវិទ្យាល័យភូមិន្ទកសិកម្មចំការដូង

Powered by Koha